| 000 | 00644nam a2200169Ia 4500 | ||
|---|---|---|---|
| 008 | 090711s9999 xx 000 0 und d | ||
| 082 | _b66223 | ||
| 100 | _aजायस्वाल जयनारायण | ||
| 245 | _aस्वत:Sा स्वत:Sो डॉक्टर व्हा | ||
| 260 | _c1989 | ||
| 300 | _a136 | ||
| 600 | _aजायस्वाल जयनारायण | ||
| 630 | _aस्वत:Sा स्वत:Sो डॉक्टर व्हा | ||
| 700 | _aजायस्वाल जयनारायण | ||
| 730 | _aस्वत:Sा स्वत:Sो डॉक्टर व्हा | ||
| 942 | _cBOOK | ||
| 999 |
_c312040 _d312040 |
||